AH International Schools' Libraries

The Little Guys / (Record no. 41588)

MARC details
000 -LEADER
fixed length control field 00883cam a2200265 i 4500
001 - CONTROL NUMBER
control field 20498723
005 - DATE AND TIME OF LATEST TRANSACTION
control field 20201016094435.0
008 - FIXED-LENGTH DATA ELEMENTS--GENERAL INFORMATION
fixed length control field 180516s2019 nyua b 000 1 eng
010 ## - LIBRARY OF CONGRESS CONTROL NUMBER
LC control number 2018944876
020 ## - INTERNATIONAL STANDARD BOOK NUMBER
International Standard Book Number 9781626724426
Qualifying information (hardcover)
040 ## - CATALOGING SOURCE
Original cataloging agency DLC
Language of cataloging eng
Transcribing agency DLC
Description conventions rda
Modifying agency DLC
042 ## - AUTHENTICATION CODE
Authentication code lcac
-- pcc
050 00 - LIBRARY OF CONGRESS CALL NUMBER
Classification number PZ7.1.B788
Item number Le 2019
082 00 - DEWEY DECIMAL CLASSIFICATION NUMBER
Classification number [E]
Edition number 23
100 1# - MAIN ENTRY--PERSONAL NAME
Personal name Brosgol, Vera,
Relator term author,
-- illustrator.
9 (RLIN) 76569
245 14 - TITLE STATEMENT
Title The Little Guys /
Statement of responsibility, etc Vera Brosgol.
250 ## - EDITION STATEMENT
Edition statement First edition.
260 ## - PUBLICATION, DISTRIBUTION, ETC. (IMPRINT)
Place of publication, distribution, etc New York :
Name of publisher, distributor, etc Roaring Brook Press,
Date of publication, distribution, etc 2019.
300 ## - PHYSICAL DESCRIPTION
Extent 1 volume (unpaged) :
Other physical details color illustrations ;
Dimensions 23 x 29 cm
520 ## - SUMMARY, ETC.
Summary, etc The Little Guys might be small acorns, but together they can conquer anything through teamwork.
650 #1 - SUBJECT ADDED ENTRY--TOPICAL TERM
Topical term or geographic name as entry element Acorns
Form subdivision Fiction.
9 (RLIN) 74840
650 #1 - SUBJECT ADDED ENTRY--TOPICAL TERM
Topical term or geographic name as entry element Size
Form subdivision Fiction.
9 (RLIN) 76570
650 #1 - SUBJECT ADDED ENTRY--TOPICAL TERM
Topical term or geographic name as entry element Cooperativeness
Form subdivision Fiction
9 (RLIN) 53858
942 ## - ADDED ENTRY ELEMENTS (KOHA)
Source of classification or shelving scheme
Holdings
Withdrawn status Lost status Source of classification or shelving scheme Damaged status Not for loan Home library Current library Date acquired Total Checkouts Full call number Barcode Date last seen Date checked out Price effective from Koha item type
          Logos International School Logos International School 10/16/2020 11 E BRO 39052686 11/27/2025 11/20/2025 10/16/2020 Book

For any Logos Library related questions please contact Miss Art at swongnarasuk@asianhope.org.

For any Asian Hope Library related questions please contact Miss Raza at graza@asianhope.org.

Powered by Koha